| 000 | 00978nam a2200265Ia 4500 | ||
|---|---|---|---|
| 003 | GCL | ||
| 008 | 140319s9999 xx 000 0 ara d | ||
| 020 | _a2604208977 | ||
| 040 |
_aGCL / _cGCL |
||
| 082 | 0 | 4 |
_a956.733 _bح ب |
| 100 | 1 | _aحسين بن سعدون | |
| 245 | 1 | 0 |
_aالبصرة ذات الوشاحين : _b( التاريخ والسياسة والثقافة ) 2500 ق م - 4191 م / _cحسين بن سعدون |
| 250 | _aالاولى | ||
| 260 |
_aالقاهرة : _bمكتبة مدبولى ، _c2006 |
||
| 300 |
_a424 ص ؛ _c24 سم |
||
| 650 | 0 | 4 | _aالبصرة - تاريخ |
| 650 | 0 | 4 | _aالبصرة - أحياء وضواحى |
| 650 | 0 | 4 | _aالبصرة - أسواق |
| 650 | 0 | 4 | _aالبصرة - وصف ورحلات |
| 650 | 0 | 4 | _aالبصرة - الاحوال الاقتصادية |
| 650 | 0 | 4 | _aالبصرة - ترع وقنوات |
| 650 | 0 | 4 | _aالبصرة - المساجد |
| 650 | 0 | 4 | _aالرجال - تراجم - البصرة |
| 942 |
_2ddc _cBK |
||
| 999 |
_c9511 _d9511 |
||